000 01062nam0a22002651 4500
001 rc\106318
005 20021216133540.3
010 _a5-86524-007-2
_bМолот
_93000
035 _a(NLR Aleph) 005368109
090 _a6970776
_c6970776
100 _a20021216d1994 u |0rusy50 ca
101 0 _arus
102 _aRU
105 _ay |||||||||
200 1 _aИсторико-правовой терминологический словарь
_fЭ.В. Лисневский, В.В. Макеев, К.Г. Федоров
_gМ-во внутр. дел России. Рост. высш. шк.
210 _aРостов н/Д
_cРВШ МВД России
_d1994
215 _a91, [1] с.
_d20
700 1 _aЛисневский
_bЭ. В.
_gЭдуард Викторович
701 1 _aМакеев
_bВ. В.
701 1 _aФедоров
_bК. Г.
_cд-р ист. наук
_f1923-1994
_gКонстантин Георгиевич
_3RU\NLR\AUTH\770180220
801 0 _aRU
_bNLR
_gpsbo
801 1 _aRU
_bELAR
_2rusmarc
852 _aNLR
_bС
_jК-2/6498
942 _cBOOK
980 _aNB